01169nam a2200289 a 4500001001300000003000900013005001700022008004100039020000800080082001300088245005100101260005300152300000900205500003500214505001000249650001300259710003600272902000800308942000700316952009000323952009000413952009000503952009000593952009000683952009100773999001500864nice12345678IN_TiNIC20260116011546.0050524s1924 newa grp 000 0 eng  ac000a266bIMC aConference of Christian Workers Among Moslems. aNew YorkbInternational Missionary Councilc1924 a152p aincludes index and biblioraphy2 aIndex aMissions2 aInternational Missionary Concil bRBA cBK 00104070aHMIbHMId0000-00-00g0.00l0o266 IMCp626r0000-00-00w2026-01-16yARB 00104070aHMIbHMId0000-00-00g0.00l0o266 IMCp627r0000-00-00w2026-01-16yARB 00104070aHMIbHMId0000-00-00g0.00l0o266 IMCp628r0000-00-00w2026-01-16yARB 00104070aHMIbHMId0000-00-00g0.00l0o266 IMCp629r0000-00-00w2026-01-16yARB 00104070aHMIbHMId0000-00-00g0.00l0o266 IMCp630r0000-00-00w2026-01-16yARB 00104070aHMIbHMId0000-00-00g0.00l0o266 IMCp7521r0000-00-00w2026-01-16yARB c2613d2613